Design of feedback control system / (Record no. 3383)

000 -LEADER
fixed length control field 00443nam a22001577a 4500
008 - FIXED-LENGTH DATA ELEMENTS--GENERAL INFORMATION
fixed length control field 200610b ||||| |||| 00| 0 eng d
020 ## - INTERNATIONAL STANDARD BOOK NUMBER
International Standard Book Number 003057593
082 00 - DEWEY DECIMAL CLASSIFICATION NUMBER
Classification number 629.8312
Item number H831
245 10 - TITLE STATEMENT
Title Design of feedback control system /
250 ## - EDITION STATEMENT
Edition statement 1st ed.
260 ## - PUBLICATION, DISTRIBUTION, ETC. (IMPRINT)
Place of publication, distribution, etc New York
Name of publisher, distributor, etc Holt-saunders
Date of publication, distribution, etc 1982
300 ## - PHYSICAL DESCRIPTION
Extent xvi, 541 p.
650 #0 - SUBJECT ADDED ENTRY--TOPICAL TERM
Topical term or geographic name as entry element Feedback control systems
700 ## - ADDED ENTRY--PERSONAL NAME
9 (RLIN) 2824
Personal name Hostetter, G. H.
942 ## - ADDED ENTRY ELEMENTS (KOHA)
Item type Books
Holdings
Withdrawn status Lost status Source of classification or shelving scheme Damaged status Not for loan Permanent location Current location Date acquired Full call number Barcode Date last seen Koha item type
          IMU Kolkata IMU Kolkata 2020-06-10 629.8312 H831 06190 2020-06-10 Books
Designed and Maintained by IMU-KC Library, Kolkata Campus © Copyright All Rights Reserved

webs counters

Powered by Koha